[Event "FICGS rapid C 000056 email"]
[Site "FICGS email"]
[Date "2008.08.14"]
[Round "1"]
[White "Bertrand, Jean"]
[Black "Cridland, Graham M"]
[Result "1-0"]
[WhiteElo "1520"]
[BlackElo "1601"]
[PlyCount "27"]
[EventDate "2008.??.??"]
[EventType "tourn (rapid)"]
[EventRounds "4"]
[SourceTitle "Corr 2022"]
[Source "ChessBase"]
[SourceDate "2021.10.24"]
[SourceVersion "1"]
[SourceVersionDate "2021.10.24"]
[SourceQuality "1"]

1. d4 d5 2. c4 c6 3. Nf3 Nf6 4. Nc3 dxc4 5. a4 Na6 6. e4 Bg4 7. Bxc4 e6 8. Be3 Nb4 9. 0-0 Be7 10. h3 Bh5 11. Qe2 0-0 12. g4 Bg6 13. Ne5 Bxe4 14. g5 1-0